000 00706nam a2200217 i 4500
001 68846
003 ES-MaACL
005 20230906170358.0
007 t|
008 960830s1893 sp |||| | spa d
040 _aCAM
_bspa
_cCAM
080 _a7:37
080 _a377/378:7
100 1 _aGironi Cabra, Gabriel.
_9141889
245 1 3 _aLo que deben ser las escuelas de artes y oficios
_b: con los programas para su enseñanza /
_cpor Gabriel Gironi.
260 _aMadrid :
_b[s.n.],
_c1893 (
_fImp. Colonial a cargo de G. Gutiérrez)
300 _a16 p. ;
_c24 cm.
650 _aArte-
_xEstudio y enseñanza.
_9175842
650 4 _aEscuelas de arte-
_zEspaña.
_9149703
852 _aES-MaACL
_jT-741-F-5
999 _c68846
_d68846